Catálogo
Digital

Catálogo
Digital

Fundamentos de Gestión Financiera (Record no. 11580)

MARC details
000 -CABECERA
campo de control de longitud fija 02697nam a2200373 4500
003 - IDENTIFICADOR DEL NÚMERO DE CONTROL
campo de control EC-UNACH
005 - FECHA Y HORA DE LA ÚLTIMA TRANSACCIÓN
campo de control 20260316122859.0
006 - CÓDIGOS DE INFORMACIÓN DE LONGITUD FIJA--CARACTERÍSTICAS DEL MATERIAL ADICIONAL
campo de control de longitud fija s||||gr|||| 00| 00
008 - DATOS DE LONGITUD FIJA--INFORMACIÓN GENERAL
campo de control de longitud fija 150116t9999 mx r gr 000 0 spa d
020 ## - NÚMERO INTERNACIONAL ESTÁNDAR DEL LIBRO
Número Internacional Estándar del Libro 978-9942-615-11-4
040 ## - FUENTE DE LA CATALOGACIÓN
Centro catalogador/agencia de origen EC-UNACH
Centro/agencia transcriptor EC-UNACH
041 ## - CÓDIGO DE LENGUA
Código de lengua del texto/banda sonora o título independiente spa
082 04 - NÚMERO DE LA CLASIFICACIÓN DECIMAL DEWEY
Número de edición 23
Número de clasificación 658
Número de documento/Ítem L015070
100 ## - ENTRADA PRINCIPAL--NOMBRE DE PERSONA
Nombre de persona Puente Riofrio, Mariana Isabel / Carrillo Hernandez, Jorge Iván / Calero Cazorla, Estefania Alejandra / Gavilanez Alvarez, Oscar Danilo
245 ## - MENCIÓN DE TÍTULO
Título Fundamentos de Gestión Financiera
250 ## - MENCIÓN DE EDICIÓN
Mención de edición Primera Edición
264 ## - Producción, publicación, distribución, fabricación y copyright
Lugar de producción, publicación, distribución, fabricación Riobamba - Ecuador
Nombre del de productor, editor, distribuidor, fabricante Universidad Nacional de Chimborazo
Fecha de de producción, publicación, distribución, fabricación o copyright 2022
264 ## - Producción, publicación, distribución, fabricación y copyright
Nombre del de productor, editor, distribuidor, fabricante Producción UNACH
300 ## - DESCRIPCIÓN FÍSICA
Extensión 172 páginas
Otras características físicas figuras, tablas
500 ## - NOTA GENERAL
Nota general Las finanzas provienen del latín finis, que se traduce en acabar o terminar, en este contexto las finanzas se originan en la finalización de una transacción económica con la transferencia de recursos financieros.<br/><br/>Las finanzas representan toda actividad relacionada con la obtención de dinero y su uso eficiente (Córdoba, 2016), corresponden a un área de la economía que estudia el intercambio de capitales entre individuos, empresas, Estados en condiciones de incertidumbre. Las finanzas son el estudio de la toma de decisiones financieras que individuos y empresas ejecutan a diario (Bennigan, 2015). Se entiende por finanzas aquellas actividades relacionadas con el intercambio y manejo de capital, pueden ser divididas en términos públicos y privados, acorde con el ente que las administre. Las finanzas hacen referencia al manejo del dinero que circula entre personas naturales, personas jurídicas y el Estado (Pérez-Carballo, 2015).<br/><br/>Las finanzas están encargadas de delinear las actividades, técnicas, procesos usados en la empresa con la finalidad que se optimicen recursos financieros en el desarrollo de las actividades organizacionales, así como los pagos de las obligaciones que se generen. En la Figura 1 se detallan las áreas importantes de las finanzas.
501 ## - NOTA DE "CON"
Nota de “Con” Incluye índice, referencias bibliográficas
505 ## - NOTA DE CONTENIDO CON FORMATO
Nota de contenido con formato Introducción a la gestión financiera.-- Cálculo financiero.-- Herramientas financieras.-- Gestión del capital de trabajo.
650 ## - PUNTO DE ACCESO ADICIONAL DE MATERIA--TÉRMINO DE MATERIA
Término de materia o nombre geográfico como elemento inicial Herramientas financieras
650 ## - PUNTO DE ACCESO ADICIONAL DE MATERIA--TÉRMINO DE MATERIA
Término de materia o nombre geográfico como elemento inicial Capital de trabajo
650 ## - PUNTO DE ACCESO ADICIONAL DE MATERIA--TÉRMINO DE MATERIA
Término de materia o nombre geográfico como elemento inicial Inventario
650 ## - PUNTO DE ACCESO ADICIONAL DE MATERIA--TÉRMINO DE MATERIA
Término de materia o nombre geográfico como elemento inicial Gestión de efectivo
650 ## - PUNTO DE ACCESO ADICIONAL DE MATERIA--TÉRMINO DE MATERIA
Término de materia o nombre geográfico como elemento inicial Liquidez
856 ## - LOCALIZACIÓN Y ACCESO ELECTRÓNICOS
Identificador Uniforme del Recurso <a href="https://editorial.unach.edu.ec/index.php/Editorial/catalog/book/156">https://editorial.unach.edu.ec/index.php/Editorial/catalog/book/156</a>
Texto de enlace Libro digital - Fundamentos de Gestión Financiera
942 ## - ELEMENTOS DE PUNTO DE ACCESO ADICIONAL (KOHA)
Fuente del sistema de clasificación o colocación Clasificación Decimal Dewey
Tipo de ítem Koha Libro electrónico
999 ## - NÚMEROS DE CONTROL DE SISTEMA (KOHA)
Koha biblionumber 11580
Holdings
Estado de pérdida Fuente del sistema de clasificación o colocación Estado dañado No para préstamo Localización permanente Ubicación/localización actual Ubicación en estantería Fecha de adquisición Fuente de adquisición Total de préstamos Signatura topográfica completa Código de barras Fecha visto por última vez Número de copia Precio válido a partir de Tipo de ítem Koha Centro de costos
  Clasificación Decimal Dewey     Biblioteca Campus Norte Biblioteca Campus Norte Administración de Empresas 21/03/2023 Producción Científica UNACH   658 PUE L015070 L015070 21/03/2023 Ejemplar: 01 21/03/2023 Libro electrónico  

Powered by Koha